1869 1803 1768 1380 1177 1487 1590 1023 1833 1233 1059 1996 1008 1990 1340 1288 1318 1479 1654 1757 1050 1994 1263 1385 1430 1458 1622 1853 1183 1415 1627 1732 1795 1031 1070 1280 1031 1762 1291 1392 1764 1210 1304 1015 1905 1009 1133 1476 1954 1377 1295 1145 1932 1623 1052 1943 1865 1202 1215 1655 1648 1651 1407 1710 1635 1384 1745 1257 1435 1898 1896 1305 1994 1929 1725 1329 1248 1155 1108 1015 1953 1673 1929 1372 1812 1852 1110 1467 1665 1313 1979 1764 1623 1883 1784 1474 1297 1433 1077 BCNSPRNW ULIB Ver.6.0+V

เปลี่ยนเป็นภาษาไทย

Change to English
 แสดงรายละเอียดบรรณานุกรม
  กลับหน้าหลัก

Brief Record : Get Marc (ISO 2709) : E-mail record : QR code < ปิดหน้าต่าง
LEADER : 00000nam 2200000uu 4500
001    13399125122
003     ULIB
008    160930s2553||||th 000 0 tha d
020    ^a9786167081724
090    ^a นว.^bพ787จ
100    ^aพีรวิชญ์
245    ^aจำเลยรักจำเลยแค้น /^cพีรวิชญ์
260    ^aนนทบุรี :^bสำนักพิมพ์ smart book,^c2553
300    ^a288 หน้า
945    ^p220^l0^i001357
999    ^aณรีรัตน์ วารุกา
รายการนี้ยังไม่มีแท็ก
คุณยังไม่ได้ล็อกอิน คุณสามารถมีกิจกรรมร่วมกับเว็บไซต์ได้ แต่ต้องล็อกอินก่อน ::
  ล็อกอิน

รายการสื่อสารสนเทศ

ลำดับที่ ประเภท เลขเรียก/บาร์โค้ด สถานที่ สถานะ
1. นวนิยาย
นวนิยาย
นว. พ787จ ฉ.1 
  Barcode: 001357
ห้องสมุดวิทยาเขตนครสวรรค์
►นวนิยาย:l:Fiction
บนชั้น

BibComment


ยังไม่เคยถูกคอมเมนท์

คอมเมนท์ทรัพยากรรายการนี้
  คอมเมนท์: จำเลยรักจำเลยแค้..


 Copyright 2026. Bcnsprnw @Library